ბათუმის შოთა რუსთაველის სახელმწიფო უნივერსიტეტის ბიბლიოთეკა

Dictionary of media and communication studies / (ბიბ.ჩანაწერი № 62151)

000 -LEADER
fixed length control field 01563cam a2200385 i 4500
001 - CONTROL NUMBER
control field 18969387
005 - DATE AND TIME OF LATEST TRANSACTION
control field 20240724111021.0
008 - FIXED-LENGTH DATA ELEMENTS--GENERAL INFORMATION
fixed length control field 160209s2015 nyua bd 000 0 eng d
010 ## - LIBRARY OF CONGRESS CONTROL NUMBER
LC control number 2016297279
020 ## - INTERNATIONAL STANDARD BOOK NUMBER
International Standard Book Number 9781628921489 (pb) X
020 ## - INTERNATIONAL STANDARD BOOK NUMBER
International Standard Book Number 162892148X
020 ## - INTERNATIONAL STANDARD BOOK NUMBER
Canceled/invalid ISBN 9781628921496 (ePDF) X
020 ## - INTERNATIONAL STANDARD BOOK NUMBER
Canceled/invalid ISBN 9781628921502 (ePub) X
041 ## - LANGUAGE CODE
Language code of text/sound track or separate title eng
080 ## - UNIVERSAL DECIMAL CLASSIFICATION NUMBER
Universal Decimal Classification number 070(038) W-32
100 1# - MAIN ENTRY--PERSONAL NAME
Personal name Watson, James,
Dates associated with a name 1936-
Relator term author.
9 (RLIN) 22919
245 10 - TITLE STATEMENT
Title Dictionary of media and communication studies /
Statement of responsibility, etc. James Watson, and Anne Hill.
246 14 - VARYING FORM OF TITLE
Title proper/short title Dictionary of media & communication studies
250 ## - EDITION STATEMENT
Edition statement 9th edition.
264 #1 - PRODUCTION, PUBLICATION, DISTRIBUTION, MANUFACTURE, AND COPYRIGHT NOTICE
Place of production, publication, distribution, manufacture New York :
Name of producer, publisher, distributor, manufacturer Bloomsbury Academic, an imprint of Bloomsbury Publishing Inc.,
Date of production, publication, distribution, manufacture, or copyright notice 2015.
300 ## - PHYSICAL DESCRIPTION
Extent xxvi, 373 pages :
Other physical details illustrations ;
Dimensions 23 cm
337 ## - MEDIA TYPE
Media type term unmediated
Media type code n
Source rdamedia
338 ## - CARRIER TYPE
Carrier type term volume
Carrier type code nc
Source rdacarrier
504 ## - BIBLIOGRAPHY, ETC. NOTE
Bibliography, etc. note Includes bibliographical references.
650 #0 - SUBJECT ADDED ENTRY--TOPICAL TERM
Topical term or geographic name entry element Communication
Form subdivision Dictionaries.
9 (RLIN) 22920
650 #0 - SUBJECT ADDED ENTRY--TOPICAL TERM
Topical term or geographic name entry element Mass media
Form subdivision Dictionaries.
9 (RLIN) 22921
650 #7 - SUBJECT ADDED ENTRY--TOPICAL TERM
Topical term or geographic name entry element Communication.
Source of heading or term fast
Authority record control number or standard number (OCoLC)fst00869952
9 (RLIN) 22922
650 #7 - SUBJECT ADDED ENTRY--TOPICAL TERM
Topical term or geographic name entry element Mass media.
Source of heading or term fast
Authority record control number or standard number (OCoLC)fst01011219
9 (RLIN) 22923
653 ## - INDEX TERM--UNCONTROLLED
keyword მედიისა და კომუნიკაციის კვლევების ლექსიკონი
700 1# - ADDED ENTRY--PERSONAL NAME
Personal name Hill, Anne,
Dates associated with a name 1952-
Relator term author.
9 (RLIN) 22925
700 1# - ADDED ENTRY--PERSONAL NAME
Personal name Watson, James,
Dates associated with a name 1936-
Title of a work Dictionary of communication and media studies.
9 (RLIN) 22926
906 ## - LOCAL DATA ELEMENT F, LDF (RLIN)
a 7
b cbc
c copycat
d 2
e ncip
f 20
g y-gencatlg
942 ## - ADDED ENTRY ELEMENTS (KOHA)
Source of classification or shelving scheme
Koha item type წიგნი
ეგზემპლარები
Withdrawn status Lost status Source of classification or shelving scheme Damaged status Not for loan Permanent Location Current Location Shelving location Date acquired Cost, normal purchase price Full call number Barcode Date last seen Copy number Price effective from Koha item type Public note
          ბათუმის შოთა რუსთაველის სახელმწიფო უნივერსიტეტის მთავარი ბიბლიოთეკა ბათუმის შოთა რუსთაველის სახელმწიფო უნივერსიტეტის მთავარი ბიბლიოთეკა წიგნსაცავი 2024-07-24 142.00 070(038) W-32 68831 2024-07-24 68831 2024-07-24 წიგნი 142.00